00918nam a22001937a 4500003000900000008004100009040007100050082002500121100003200146245011800178260003400296300002700330505023600357650002900593650002300622650002200645650003400667650002300701AR-CdUCM190307b ||||| |||| 00| 0 spa d aMUNICIPALIDAD PROVINCIAL DEL CUSCOcBIBLIOTECA MUNICIPAL DEL CUSCO a320.973 / AL45bAL45 aAlosilla Robles, Washington aMetodología para el diseño y formulación de políticas públicas regionales /cWashington Alosilla Robles aCusco : bTecni Graf, c2016. a52 páginas ;c20 cm. aContenido: Marco teórico y conceptual de política -- Definiciones vinculadas a las políticas públicas en materia de desarrollo social -- Marco teórico conceptual del desarrollo social - Definición de calidad de vida ... aPlanificación regional aPolítica publica aDesarrollo social aPlanificación estratégica aGestión Regional